LEADER 01180nam a2200253 u 4500 001 000000025065 003 CaOOAMICUS 005 20070226111424.0 008 950928s1993 it f u000 u ita u 035 $a10639255 040 $aBAV$bita$dPUL(R) 100 1 $aEsposito, Giovanni,$cP.O.C.R.,$dn. 1932.$0(OLS)http://pul/name/1332 245 13$aUn apostolo del Sud :$bprofilo storico, umano e spirituale di don Gaetano Mauro /$cGiovanni Esposito ; con prefazione di Pietro Borzomati. 260 $aReggio Calabria :$bArdor,$c1992. 300 $a239 p. :$bill., ritr. ;$c21 cm 504 $a"Fonti e bibliografia": p. 233-234. 600 14$aMauro, Gaetano,$cP.O.C.R.,$d1888-1969.$0(OLS)http://pul/subject/14913 700 1 $aBorzomati, Pietro,$d1933-$0(OLS)http://pul/name/16869 850 $aPUL 852 $aPUL$W1$xSL Filosofia 1$y2$m122 E 41$j35054$nBK-PRI$b $qStampati$B35054$CPULBib$Z2$F35054 $H $81 941 1 $a8 961 $aINV: 78168 996 $6245$aUn apostolo del Sud :$bprofilo storico, umano e spirituale di don Gaetano Mauro$9(OLS)http://pul/title/34572 996 $6260$aReggio Calabria :$bArdor$9(OLS)http://pul/publisher/48581 LEADER 01274nam a2200265 u 4500 001 000000113300 003 CaOOAMICUS 005 20081002122650.0 008 081002s2008 it u000 u ita r 020 $z978-88-6008-148-3* 040 $aPUL$bita$dLDB 100 1 $aTambone, Vittorandolfo,$d1959-$0(OLS)http://pul/name/41551 245 10$aEutanasia e medicina :$bil rapporto tra medicina, cultura e media /$cVittoraldolfo Tambone, Dario Sacchini, Cesare Davide Cavoni ; introduzione di Joaquín Navarro-Valls. 260 $aTorino :$bUTET Università,$cc2008. 300 $axiii, 384 p. ;$c24 cm. 504 $aBibliografia : p. [365]-384. 650 14$aEutanasia$xAspetti sociali.$0(OLS)http://pul/subject/26711 700 1 $aSacchini, Dario.$0(OLS)http://pul/name/69471 700 1 $aCavoni, Cesare Davide.$0(OLS)http://pul/name/69470 850 $aPUL 852 $aPUL$W1$xSL Filosofia 3$y81$m174. 2 TAMVI 1$j129491$qDDC 21$B128539$CPULBib$Z2$F128539 $H107909 $82 941 1 $a9 996 $6020$z978-88-6008-148-3*$9(OLS)http://pul/number/138724 996 $6245$aEutanasia e medicina :$bil rapporto tra medicina, cultura e media$9(OLS)http://pul/title/142377 996 $6260$aTorino :$bUTET Università$9(OLS)http://pul/publisher/80059 LEADER 01195nam a2200289 a 4500 001 000000117449 003 CaOOAMICUS 005 20110520123335.0 008 091016s2004 it u000 u ita r 040 $aPUL$bita$dReb 100 1 $aLoy, Gianni.$0(OLS)http://pul/name/39390 245 13$aLa professionalità /$cGianni Loy [et. al.] ; a cura di Mario Napoli. 260 $aMilano :$bVita e pensiero,$c©2004. 300 $a97 p. ;$c22 cm. 490 1 $aDiritto. Ricerche 504 $aBibliografia in nota. 650 4$aDiritto del lavoro.$0(OLS)http://pul/subject/1096 700 1 $aNapoli, Mario,$d1915-1976.$0(OLS)http://pul/name/23561 830 0$aRicerche (Vita e Pensiero). $pDiritto.$0(OLS)http://pul/title/200205 850 $aPUL 852 $aPUL$W1$xSL Diritto e Scienze Sociali 3$y79$m331. 0945 NAPMA 1$j134789$qDDC 21$B133760$CPULBib$Z2$F133760 $H111382 $82 941 1 $a9 960 $aLavoro (Diritto)$91096 983 0$aDiritto.$pRicerche (Vita e pensiero) 983 0$aV & P. Diritto. Ricerche. 996 $6245$aLa professionalità$9(OLS)http://pul/title/147795 996 $6260$aMilano :$bVita e pensiero$9(OLS)http://pul/publisher/48016